1973 1704 1676 1937 1808 1100 1160 1601 1251 1150 1359 1115 1898 1658 1503 1672 1894 1159 1562 1970 1284 1206 1736 1034 1273 1089 1169 1496 1840 1444 1817 1819 1491 1280 1075 1423 1319 1805 1437 1041 1024 1342 1336 1260 1994 1519 1820 1520 1317 1364 1049 1752 1416 1424 1396 1563 1597 1614 1745 1109 1578 1548 1967 1708 1870 1676 1859 1288 1984 1127 1179 1800 1596 1710 1287 1079 1446 1263 1696 1696 1043 1485 1799 1177 1486 1162 1996 1442 1375 1933 1970 1529 1639 1829 1763 1901 1896 1708 1159 BCNSPRNW ULIB Ver.6.0+V

เปลี่ยนเป็นภาษาไทย

Change to English
 แสดงรายละเอียดบรรณานุกรม
  กลับหน้าหลัก

Brief Record : Get Marc (ISO 2709) : E-mail record : QR code < ปิดหน้าต่าง
LEADER : 00000nam 2200000uu 4500
001    13399115144
003     ULIB
008    120712s2551||||th 000 0 tha d
020    ^a9786165310499
060  4 ^aQV766^bล333ก 2551
100 0  ^aลำดวน อุ่นใจ
245 00 ^aกินใบบัวบกเลิกพึ่งยาหมอ/^cลำดวน อุ่นใจ
260    ^aกรุงเทพฯ:^bแบงค์คอกบุคส์,^c2551
300    ^a63 หน้า:^bภาพประกอบ
650  7 ^aใบบัวบก
945    ^p59^l0^i16267
995    ^aกัณชพร
999    ^aใช้งานได้ทุกระบบ
รายการนี้ยังไม่มีแท็ก
คุณยังไม่ได้ล็อกอิน คุณสามารถมีกิจกรรมร่วมกับเว็บไซต์ได้ แต่ต้องล็อกอินก่อน ::
  ล็อกอิน

รายการสื่อสารสนเทศ

ลำดับที่ ประเภท เลขเรียก/บาร์โค้ด สถานที่ สถานะ
1. วิทยาศาสตร์การแพทย์ และสุขภาพ
วิทยาศาสตร์การแพทย์ และสุขภาพ
QV766 ล333ก 2551  
  Barcode: 16267
ห้องสมุดวิทยาเขตสวรรค์ประชารักษ์
►ส่วนจัดเก็บหนังสือเก่า สปร
บนชั้น
  ขอยืม

รายการใกล้เคียง
    ผู้แต่ง [ลำดวน อุ่นใจ]

    หัวเรื่อง [ใบบัวบก]

BibComment


ยังไม่เคยถูกคอมเมนท์

คอมเมนท์ทรัพยากรรายการนี้
  คอมเมนท์: กินใบบัวบกเลิกพึ..


 Copyright 2026. Bcnsprnw @Library